[Event "EYCC 2024 - G18"]
[Site "?"]
[Date "2024.08.29"]
[Round "7.10"]
[White "Pawicka, Magdalena"]
[Black "Yilmaz, Gokcen"]
[Result "1-0"]
[BlackElo "1900"]
[WhiteElo "1977"]
[LiveChessVersion "1.4.8"]

1. e4 {[%clk 1:30:57]} c5 {[%clk 1:25:01]} 2. Nf3 {[%clk 1:31:04]} g6
{[%clk 1:24:48]} 3. d4 {[%clk 1:31:26]} cxd4 {[%clk 1:25:08]} 4. Nxd4
{[%clk 1:31:34]} Bg7 {[%clk 1:23:40]} 5. c4 {[%clk 1:29:39]} Nc6 {[%clk 1:23:13]}
6. Be3 {[%clk 1:29:02]} Nf6 {[%clk 1:19:28]} 7. Nc3 {[%clk 1:29:00]} O-O
{[%clk 1:19:40]} 8. Be2 {[%clk 1:28:34]} d6 {[%clk 1:19:52]} 9. O-O
{[%clk 1:28:24]} Nxd4 {[%clk 1:19:44]} 10. Bxd4 {[%clk 1:28:05]} Be6
{[%clk 1:19:42]} 11. f3 {[%clk 1:21:20]} Qa5 {[%clk 1:18:41]} 12. Rc1
{[%clk 1:03:41]} Rfc8 {[%clk 1:14:39]} 13. b3 {[%clk 1:03:24]} Nd7
{[%clk 1:09:12]} 14. Bxg7 {[%clk 0:58:09]} Kxg7 {[%clk 1:09:40]} 15. Qd4+
{[%clk 0:54:05]} Kg8 {[%clk 1:09:53]} 16. f4 {[%clk 0:47:47]} Qb6
{[%clk 1:03:39]} 17. Qxb6 {[%clk 0:41:49]} Nxb6 {[%clk 1:04:07]} 18. a4
{[%clk 0:37:59]} a5 {[%clk 1:00:40]} 19. f5 {[%clk 0:29:16]} Bd7 {[%clk 0:57:42]}
20. f6 {[%clk 0:27:17]} e6 {[%clk 0:51:18]} 21. Rcd1 {[%clk 0:19:29]} Bc6
{[%clk 0:48:32]} 22. Rxd6 {[%clk 0:19:12]} Nd7 {[%clk 0:48:48]} 23. Bd1
{[%clk 0:14:47]} Rd8 {[%clk 0:45:00]} 24. Bc2 {[%clk 0:14:28]} Ne5
{[%clk 0:44:51]} 25. Rxd8+ {[%clk 0:11:29]} Rxd8 {[%clk 0:45:16]} 26. h3
{[%clk 0:09:44]} Rd2 {[%clk 0:45:09]} 27. Rf2 {[%clk 0:08:59]} Rxf2
{[%clk 0:45:10]} 28. Kxf2 {[%clk 0:09:26]} Nd7 {[%clk 0:45:29]} 29. Ke3
{[%clk 0:06:49]} Nxf6 {[%clk 0:45:34]} 30. Kd4 {[%clk 0:06:52]} Nd7
{[%clk 0:45:17]} 31. c5 {[%clk 0:06:36]} Kg7 {[%clk 0:39:40]} 32. Na2
{[%clk 0:04:46]} f5 {[%clk 0:37:24]} 33. b4 {[%clk 0:03:58]} axb4
{[%clk 0:27:31]} 34. Nxb4 {[%clk 0:04:24]} Bxe4 {[%clk 0:27:29]} 35. Bxe4
{[%clk 0:04:34]} fxe4 {[%clk 0:27:55]} 36. a5 {[%clk 0:03:57]} e3
{[%clk 0:27:18]} 37. Nc2 {[%clk 0:03:04]} Nb8 {[%clk 0:15:16]} 38. Kc4
{[%clk 0:02:56]} Nc6 {[%clk 0:08:25]} 39. Kb5 {[%clk 0:03:19]} e2
{[%clk 0:08:39]} 40. Ne1 {[%clk 0:02:56]} Nd8 {[%clk 0:08:27]} 41. a6
{[%clk 0:02:31]} bxa6+ {[%clk 0:08:29]} 42. Kxa6 {[%clk 0:02:53]} Kf7
{[%clk 0:08:02]} 43. Kb6 {[%clk 0:02:41]} Ke7 {[%clk 0:08:01]} 44. c6
{[%clk 0:02:09]} Nf7 {[%clk 0:07:54]} 45. c7 {[%clk 0:00:37]} Kd7
{[%clk 0:07:08]} 46. Kb7 {[%clk 0:00:53]} Nd6+ {[%clk 0:07:20]} 47. Kb8
{[%clk 0:01:08]} e5 {[%clk 0:06:32]} 48. Nd3 {[%clk 0:00:36]} e4 {[%clk 0:05:15]}
49. Ne1 {[%clk 0:00:59]} e3 {[%clk 0:03:05]} 50. Nc2 {[%clk 0:00:48]} h6
{[%clk 0:02:27]} 51. Ne1 {[%clk 0:00:49]} Kc6 {[%clk 0:02:26]} 52. c8=Q+
{[%clk 0:01:00]} Nxc8 {[%clk 0:02:53]} 53. Kxc8 {[%clk 0:01:23]} Kd5
{[%clk 0:03:14]} 54. Kd7 {[%clk 0:01:37]} Kc4 {[%clk 0:03:35]} 55. Ke6
{[%clk 0:01:40]} Kd4 {[%clk 0:01:49]} 56. Kf6 {[%clk 0:01:37]} Ke4
{[%clk 0:00:42]} 57. Kxg6 {[%clk 0:01:42]} Kf4 {[%clk 0:01:07]} 58. Kxh6
{[%clk 0:01:17]} Kg3 {[%clk 0:01:33]} 59. Kg5 {[%clk 0:01:16]} Kf2
{[%clk 0:01:46]} 60. Nd3+ {[%clk 0:01:24]} Kf1 {[%clk 0:01:29]} 61. Kf4
{[%clk 0:01:19]} 1-0

[Event "EYCC 2024 - G18"]
[Site "?"]
[Date "2024.08.29"]
[Round "7.11"]
[White "Berezovsky, Fiorina"]
[Black "Helgadottir, Idunn"]
[Result "1-0"]
[BlackElo "1837"]
[WhiteElo "1976"]
[LiveChessVersion "1.4.8"]

1. d4 {[%clk 1:30:57]} Nf6 {[%clk 1:30:49]} 2. Nc3 {[%clk 1:31:15]} d5
{[%clk 1:30:52]} 3. Bf4 {[%clk 1:31:32]} a6 {[%clk 1:30:45]} 4. e3
{[%clk 1:31:49]} c5 {[%clk 1:29:59]} 5. Nf3 {[%clk 1:30:33]} Nc6 {[%clk 1:28:51]}
6. Ne5 {[%clk 1:28:08]} Bf5 {[%clk 1:23:50]} 7. Be2 {[%clk 1:26:44]} e6
{[%clk 1:21:32]} 8. g4 {[%clk 1:26:10]} Be4 {[%clk 1:18:07]} 9. f3
{[%clk 1:25:09]} Bg6 {[%clk 1:10:31]} 10. h4 {[%clk 1:25:12]} h6 {[%clk 1:07:51]}
11. Nxg6 {[%clk 1:24:49]} fxg6 {[%clk 1:08:09]} 12. Qd3 {[%clk 1:20:53]} Kf7
{[%clk 1:04:30]} 13. h5 {[%clk 1:17:17]} g5 {[%clk 0:56:18]} 14. Be5
{[%clk 1:13:57]} Bd6 {[%clk 0:51:27]} 15. Bxd6 {[%clk 1:01:35]} Qxd6
{[%clk 0:51:35]} 16. O-O-O {[%clk 0:56:12]} Rhf8 {[%clk 0:47:47]} 17. dxc5
{[%clk 0:53:56]} Qxc5 {[%clk 0:46:14]} 18. f4 {[%clk 0:52:35]} Nb4
{[%clk 0:41:59]} 19. Qg6+ {[%clk 0:49:52]} Kg8 {[%clk 0:42:10]} 20. Rh3
{[%clk 0:45:45]} Ne4 {[%clk 0:38:00]} 21. Bd3 {[%clk 0:33:46]} Nxd3+
{[%clk 0:34:49]} 22. Rxd3 {[%clk 0:32:55]} Rac8 {[%clk 0:24:35]} 23. Qxe6+
{[%clk 0:31:40]} Kh8 {[%clk 0:24:57]} 24. Rxd5 {[%clk 0:31:11]} Qc4
{[%clk 0:24:39]} 25. Qxe4 {[%clk 0:27:14]} Qf1+ {[%clk 0:24:52]} 26. Nd1
{[%clk 0:23:03]} Qxh3 {[%clk 0:22:46]} 27. fxg5 {[%clk 0:21:58]} Rce8
{[%clk 0:18:00]} 28. Qd4 {[%clk 0:20:59]} hxg5 {[%clk 0:15:50]} 29. Rxg5
{[%clk 0:21:00]} Re7 {[%clk 0:15:44]} 30. h6 {[%clk 0:20:55]} Rff7
{[%clk 0:12:11]} 31. hxg7+ {[%clk 0:20:46]} Rxg7 {[%clk 0:11:21]} 32. Rh5+
{[%clk 0:20:48]} Qxh5 {[%clk 0:11:40]} 33. gxh5 {[%clk 0:21:13]} Rd7
{[%clk 0:12:01]} 34. Qf6 {[%clk 0:20:17]} Kh7 {[%clk 0:11:46]} 35. Qf5+
{[%clk 0:19:52]} Kh6 {[%clk 0:11:29]} 36. c4 {[%clk 0:19:19]} Rgf7
{[%clk 0:11:25]} 37. Qg6# {[%clk 0:19:41]} 1-0

[Event "EYCC 2024 - G18"]
[Site "?"]
[Date "2024.08.29"]
[Round "7.12"]
[White "Striskova, Lucia"]
[Black "Reding, Sevda"]
[Result "1/2-1/2"]
[BlackElo "1728"]
[WhiteElo "1937"]
[LiveChessVersion "1.4.8"]

1. e4 {[%clk 1:30:52]} c5 {[%clk 1:30:55]} 2. Nf3 {[%clk 1:31:05]} e6
{[%clk 1:31:19]} 3. g3 {[%clk 1:31:07]} b6 {[%clk 1:30:06]} 4. Bg2
{[%clk 1:31:06]} Bb7 {[%clk 1:30:13]} 5. d4 {[%clk 1:30:04]} Bxe4
{[%clk 1:20:18]} 6. Nc3 {[%clk 1:30:21]} Bg6 {[%clk 1:12:47]} 7. Ne5
{[%clk 1:23:37]} d5 {[%clk 1:12:17]} 8. Nxg6 {[%clk 1:22:01]} hxg6
{[%clk 1:12:21]} 9. dxc5 {[%clk 1:22:24]} Bxc5 {[%clk 1:06:53]} 10. Nxd5
{[%clk 1:20:39]} Nd7 {[%clk 1:01:27]} 11. Nc3 {[%clk 1:13:53]} Rc8
{[%clk 0:58:34]} 12. Nb5 {[%clk 1:09:49]} a6 {[%clk 0:49:00]} 13. Nd6+
{[%clk 1:05:29]} Bxd6 {[%clk 0:49:26]} 14. Qxd6 {[%clk 1:05:53]} Qc7
{[%clk 0:48:41]} 15. Qxc7 {[%clk 1:05:41]} Rxc7 {[%clk 0:49:01]} 16. c3
{[%clk 1:05:55]} Nc5 {[%clk 0:42:55]} 17. O-O {[%clk 1:01:23]} f6
{[%clk 0:41:07]} 18. Rd1 {[%clk 1:01:15]} Ke7 {[%clk 0:37:19]} 19. b3
{[%clk 1:00:01]} Nh6 {[%clk 0:37:20]} 20. Ba3 {[%clk 0:59:48]} Kf7
{[%clk 0:27:39]} 21. Rd6 {[%clk 0:57:50]} Rb8 {[%clk 0:24:13]} 22. Rad1
{[%clk 0:54:46]} Nf5 {[%clk 0:23:49]} 23. R6d2 {[%clk 0:53:51]} g5
{[%clk 0:20:54]} 24. c4 {[%clk 0:53:51]} e5 {[%clk 0:19:20]} 25. Bb2
{[%clk 0:52:19]} b5 {[%clk 0:19:06]} 26. cxb5 {[%clk 0:51:23]} axb5
{[%clk 0:19:27]} 27. Rc2 {[%clk 0:50:51]} b4 {[%clk 0:17:05]} 28. Rdc1
{[%clk 0:46:15]} Rbc8 {[%clk 0:16:45]} 29. a3 {[%clk 0:46:13]} bxa3
{[%clk 0:16:41]} 30. Bxa3 {[%clk 0:46:34]} Na6 {[%clk 0:16:29]} 31. Rxc7+
{[%clk 0:46:27]} Rxc7 {[%clk 0:16:57]} 32. Rb1 {[%clk 0:45:12]} Nd4
{[%clk 0:16:18]} 33. Bd5+ {[%clk 0:43:44]} Kg6 {[%clk 0:14:54]} 34. Bc4
{[%clk 0:43:29]} Nf3+ {[%clk 0:13:49]} 35. Kg2 {[%clk 0:41:39]} Nd2
{[%clk 0:14:08]} 36. Bxa6 {[%clk 0:41:04]} Nxb1 {[%clk 0:12:13]} 37. Bd3+
{[%clk 0:41:26]} f5 {[%clk 0:12:25]} 38. Bxb1 {[%clk 0:41:36]} Rc3
{[%clk 0:12:23]} 39. g4 {[%clk 0:37:45]} e4 {[%clk 0:12:22]} 40. gxf5+
{[%clk 0:37:54]} Kxf5 {[%clk 0:12:50]} 41. Bf8 {[%clk 0:38:10]} Rxb3
{[%clk 0:12:42]} 42. Ba2 {[%clk 0:37:40]} Rb2 {[%clk 0:12:49]} 43. Bc4
{[%clk 0:37:36]} e3 {[%clk 0:12:17]} 44. Kf3 {[%clk 0:36:26]} Rxf2+
{[%clk 0:11:57]} 45. Kxe3 {[%clk 0:36:49]} Rxh2 {[%clk 0:12:13]} 46. Bxg7
{[%clk 0:36:43]} Rh3+ {[%clk 0:12:05]} 47. Kf2 {[%clk 0:35:43]} Kf4
{[%clk 0:11:13]} 48. Bf1 {[%clk 0:35:49]} Rf3+ {[%clk 0:11:33]} 49. Kg2
{[%clk 0:36:12]} Rxf1 {[%clk 0:11:42]} 50. Kxf1 {[%clk 0:36:36]} g4
{[%clk 0:11:54]} 51. Kg2 {[%clk 0:37:00]} g3 {[%clk 0:12:04]} 52. Be5+
{[%clk 0:37:26]} Kxe5 {[%clk 0:12:12]} 53. Kxg3 1/2-1/2